Lonely Planet the world : a traveller's guide to the planet.
| Format: | Book |
|---|---|
| Published: |
Footscray, Victoria:
Lonely Planet,
2014.
|
| Subjects: |
| LEADER | 00434cam a2200145 7i4500 | ||
|---|---|---|---|
| 001 | 0000032523 | ||
| 005 | 20150907090000.0 | ||
| 020 | 0 | 0 | |a 9781743600658 |
| 090 | 0 | 0 | |a I 910.202 |b LON |
| 245 | 0 | 0 | |a Lonely Planet the world : |b a traveller's guide to the planet. |
| 260 | 0 | 0 | |a Footscray, Victoria: |b Lonely Planet, |c 2014. |
| 300 | # | # | |a 959 pages. |
| 650 | 0 | 0 | |a Travel |
| 650 | 0 | 0 | |a Travel |
| 999 | |a B000036664 |b Book |c International |e Business Information Centre | ||


